| 000 | 00575nam a22001817a 4500 | ||
|---|---|---|---|
| 999 |
_c189107 _d189107 |
||
| 005 | 20220620110359.0 | ||
| 010 | _aENG-133264 | ||
| 020 |
_a9788183821865 _c150.00 |
||
| 035 | _aEN-116796 | ||
| 037 | _bDBAD/PUB | ||
| 082 | _a485 | ||
| 100 | _aKhan, Faizullah | ||
| 245 |
_aFrench Made Easy/ _cFaizullah Khan |
||
| 260 |
_aNew Delhi _bLotus Press _c2012 |
||
| 270 |
_aUnit No. 220, 2nd Floor, 4735/22, Prakash Deep Building, Ansari Road, Darya Ganj _bNew Delhi _e110002 _mlotus_press@sify.com |
||
| 300 |
_a155p. _c22cm(pbk) |
||
| 942 |
_2ddc _cEN _h485 _mKHA |
||